000
00214nam a2200073Ia 4500
008
170817s9999 xx 000 0 und d
100
_a
Yadav.Saroj
245
0
_a
Vartamaan Chintan Vishay Aur Shiksha Mein Chalan
260
_b
R S A International .AGRA
999
_c
39712
_d
39712